000 00819nam a22003017a 4500
001 BR9101489
003 BR-BrBNA
005 20230928093546.0
007 ta
008 230509b bl.||||| |||| 00| 0 por d
040 _aBR-BrBNA
_bpor
_cBiblioteca Nacional de Agricultura
041 _a(Por)
072 _aE70; E20
_b8961
_b/G514
090 _ 8961 BR9101489
110 1 _aComissao Executiva do Alcool, Brasilia, DF (Brasil)
_92089
245 1 _aRelatorio de atividades setembro/outubro 1983 - Comissao Executiva do Alcool
260 3 _aBrasilia, DF (Brasil):
_c1983.
300 _a30 p.
500 _a21 tables
650 _aALCOOL
650 _aPRODUCAO
650 _aCONSUMO
650 _aESTOQUE
650 _aVENDA
650 _aORCAMENTO
909 _a202309
_bLucia
_c55
_dLucia Elande
942 _cBK
999 _c45691
_d45691